Statistics for Duolingo languages for Chinese speakers.

Click here to take the quiz!

General Stats

  • This quiz has been taken 70 times
  • The average score is 6 of 7

Answer Stats

HintAnswer% Correct
5.41English
97%
396KSpanish
93%
2.47MJapanese
88%
789KFrench
86%
1.29MKorean
83%
21KItalian
53%
1.62MCantonese
52%

Score Distribution

Percentile by Number Answered

Percent of People with Each Score

Your Score History

You have not taken this quiz